শনিবারের চিঠি / (Record no. 38492)
[ view plain ]
| 000 -LEADER | |
|---|---|
| fixed length control field | 00909nas a2200205 a 4500 |
| 001 - CONTROL NUMBER | |
| control field | 38492 |
| 003 - CONTROL NUMBER IDENTIFIER | |
| rucl marc code | BD-RjUL |
| 005 - DATE AND TIME OF LATEST TRANSACTION | |
| control field | 20211209052816.0 |
| 008 - FIXED-LENGTH DATA ELEMENTS--GENERAL INFORMATION | |
| fixed length control field | 151220s1955 ii ||||| |||| 00| 0 ben d |
| 035 ## - SYSTEM CONTROL NUMBER | |
| System control number | (BD-RjUL)38597 |
| 040 ## - CATALOGING SOURCE | |
| Original cataloging agency | BD-RjUL |
| Language of cataloging | ben |
| Transcribing agency | BD-RjUL |
| 041 ## - LANGUAGE CODE | |
| Language code of text/sound track or separate title | ben |
| 082 ## - DEWEY DECIMAL CLASSIFICATION NUMBER | |
| Classification number | 891.4405 |
| Author mark and year | SAN 1955 |
| 245 ## - TITLE STATEMENT | |
| Title | শনিবারের চিঠি / |
| Statement of responsibility, etc. | সম্পাদক সজনীকান্ত দাস |
| 260 ## - PUBLICATION, DISTRIBUTION, ETC. (IMPRINT) | |
| Place of publication, distribution, etc. | কলিকাতা : |
| Name of publisher, distributor, etc. | শনিরঞ্জন প্রেস, |
| Date of publication, distribution, etc. | ১৯৫৫. |
| 300 ## - PHYSICAL DESCRIPTION | |
| Pagination | ২৭শ বর্ষ (সং. ১০-১১) শ্রাবন-ভাদ্র ১৯৬২ , ২৮শ বর্ষ (সং. ৩-৬) পেৌষ-চৈত্র ১৩৬২ ; |
| Size | ২৪ সেমি. |
| 650 ## - SUBJECT ADDED ENTRY--TOPICAL TERM | |
| Topical term or geographic name as entry element | বাংলা সাহিত্য |
| Form subdivision | সাময়িকী |
| 9 (RLIN) | 116891 |
| Topical term or geographic name as entry element | Bengali Lillterature |
| Form subdivision | Periodicals |
| 9 (RLIN) | 118839 |
| 942 ## - ADDED ENTRY ELEMENTS (KOHA) | |
| Source of classification or shelving scheme | Dewey Decimal Classification |
| Koha item type | Continuing Resources |
| Lost status | Source of classification or shelving scheme | Damaged status | Not for loan | Collection code | Permanent Location | Current Location | Shelving location | Date acquired | Total Checkouts | Full call number | Date last seen | Copy number | Koha item type |
|---|---|---|---|---|---|---|---|---|---|---|---|---|---|
| Dewey Decimal Classification | Not For Loan | Serials | Central Library, University of Rajshahi | Central Library, University of Rajshahi | Rare Book Section | 03/12/1958 | BP 891.4405 SAN V-27(10-11)V-28(3-6) 1955 | 21/12/2015 | C-1 | Continuing Resources |